000 00512nmm a2200157Ia 4500
008 251105s9999||||xx |||||||||||||||||und||
041 _aspa
100 _aLajous Vargas, Roberta
245 0 _aHistoria mínima de las relaciones exteriores de México
264 _a[México D.C., Mexico] :
_bEl Colegio de México,
_c2022
300 _a374 páginas
490 _aHistoria mínima
650 _aHistory of the Americas: Latin America
856 _uhttps://public.digitaliapublishing.com/a/131865
942 _cCF
999 _c99518
_d99518